[Event "POL-chT U20 1st League"]
[Site "Suchedniow"]
[Date "2016.07.26"]
[Round "4.22"]
[White "Madajczak, Piotr"]
[Black "Banach, Jakub"]
[Result "0-1"]
[WhiteElo "1479"]
[BlackElo "1573"]
[PlyCount "138"]
[EventDate "2016.07.23"]
[EventType "team-tourn"]
[EventRounds "9"]
[EventCountry "POL"]
[SourceTitle "EXT 2019"]
[Source "ChessBase"]
[SourceDate "2018.10.10"]
[SourceVersion "1"]
[SourceVersionDate "2018.10.10"]
[SourceQuality "1"]

1. e4 e6 2. d4 d5 3. Nc3 Bb4 4. e5 Qd7 5. Qg4 f5 6. Qg3 Bxc3+ 7. bxc3 b6 8. Nf3 Ba6 9. Bxa6 Nxa6 10. 0-0 h6 11. h4 Qf7 12. Qh3 Qh5 13. a4 Nb8 14. a5 Nc6 15. axb6 cxb6 16. Ra4 Na5 17. Ba3 Nc4 18. Rb1 Ne7 19. Bxe7 Kxe7 20. Rba1 a5 21. Rb1 Rab8 22. Rb3 f4 23. Rb1 g5 24. hxg5 Qxh3 25. gxh3 hxg5 26. Kg2 Rbg8 27. Nh2 Kd7 28. Ng4 Kc6 29. Rba1 f3+ 30. Kg3 Rh4 31. Rh1 Rgh8 32. Raa1 Nd2 33. Nf6 g4 34. Nxg4 Ne4+ 35. Kxf3 Rxh3+ 36. Rxh3 Rxh3+ 37. Ke2 Nxc3+ 38. Kd2 Nb5 39. Ne3 Nxd4 40. Rf1 Nf3+ 41. Ke2 Nxe5 42. f4 Rh2+ 43. Kd1 Nc4 44. Nxc4 dxc4 45. f5 exf5 46. Rxf5 a4 47. Kc1 c3 48. Kb1 Rh1+ 49. Ka2 Rc1 50. Rf2 b5 51. Ka3 Rb1 52. Rh2 Kc5 53. Rh5+ Kb6 54. Rh3 Ka5 55. Rxc3 Re1 56. Rc5 Re3+ 57. Ka2 Kb4 58. Rc7 Rc3 59. Rh7 Rxc2+ 60. Kb1 Kb3 61. Rh3+ Rc3 62. Rh2 a3 63. Rg2 b4 64. Rh2 a2+ 65. Rxa2 Rc1+ 66. Kxc1 Kxa2 67. Kc2 b3+ 68. Kd3 b2 69. Kd4 b1Q 0-1

[Event "POL-chT U20 1st League"]
[Site "Suchedniow"]
[Date "2016.07.24"]
[Round "2.28"]
[White "Kulesza, Andrzej"]
[Black "Banach, Jakub"]
[Result "1/2-1/2"]
[WhiteElo "1675"]
[BlackElo "1573"]
[PlyCount "161"]
[EventDate "2016.07.23"]
[EventType "team-tourn"]
[EventRounds "9"]
[EventCountry "POL"]
[SourceTitle "EXT 2019"]
[Source "ChessBase"]
[SourceDate "2018.10.10"]
[SourceVersion "1"]
[SourceVersionDate "2018.10.10"]
[SourceQuality "1"]

1. e4 e6 2. d4 d5 3. Nd2 c5 4. exd5 Qxd5 5. Ngf3 cxd4 6. Bc4 Qd6 7. 0-0 Nf6 8. Nb3 Nc6 9. Nbxd4 Nxd4 10. Nxd4 a6 11. c3 Qc7 12. Bb3 Bd6 13. h3 Bd7 14. Re1 0-0-0 15. Qf3 h6 16. Be3 Bh2+ 17. Kh1 Be5 18. Rac1 Rhg8 19. Kg1 g5 20. Qe2 g4 21. h4 g3 22. f3 Nh5 23. c4 Bxd4 24. Bxd4 Qf4 25. Qe4 Qxe4 26. fxe4 Bc6 27. Bc3 Rg4 28. Bd1 Rxh4 29. Bxh5 Rxh5 30. Bf6 Rd7 31. Bc3 Rh4 32. Be5 Rd3 33. Rc3 Rxc3 34. Bxc3 Bxe4 35. Be5 Bc6 36. b3 h5 37. Re3 Re4 38. Rxe4 Bxe4 39. a3 Kd7 40. Bxg3 Kc6 41. b4 b6 42. Bf2 Bd3 43. c5 bxc5 44. Bxc5 Kd5 45. Kf2 Kc4 46. Be3 Kb3 47. Bc1 Bb5 48. g3 Kc2 49. Bf4 Kb2 50. Ke3 Kxa3 51. Bd6 Kb3 52. Ke4 Kc3 53. Ke5 Bd3 54. Bc5 Kd2 55. Bd4 Bf5 56. Bc5 Kc3 57. Bd6 Kd3 58. Be7 Ke3 59. Bd6 Kf3 60. Kf6 Bg6 61. Be5 Ke4 62. Bd6 Kd5 63. Bc7 Bc2 64. Bf4 Kc4 65. Bd6 Bd3 66. Ke5 Bf5 67. Kf6 Bg4 68. Ke5 f5 69. Kf4 Kb5 70. Be7 Kc6 71. Bf6 Kd5 72. Be5 Kc4 73. Bd6 Kd3 74. Be5 Ke2 75. Bd6 Kf2 76. Be5 Kg2 77. Bd6 Kh3 78. Be5 h4 79. gxh4 Kxh4 80. Bd6 Kh3 81. Be5 1/2-1/2

[Event "POL-chT U19 2nd League"]
[Site "Iwonicz"]
[Date "2015.08.01"]
[Round "9.4"]
[White "Banach, Jakub"]
[Black "Moszczynski, Michal"]
[Result "1/2-1/2"]
[WhiteElo "1467"]
[BlackElo "1468"]
[PlyCount "120"]
[EventDate "2015.07.25"]
[EventType "team-swiss"]
[EventRounds "11"]
[EventCountry "POL"]
[SourceTitle "EXT 2019"]
[Source "ChessBase"]
[SourceDate "2018.10.10"]
[SourceVersion "1"]
[SourceVersionDate "2018.10.10"]
[SourceQuality "1"]
[WhiteTeam "Gdansk Korona U19"]
[BlackTeam "Grudziadz Rotmistrz U19"]
[WhiteTeamCountry "POL"]
[BlackTeamCountry "POL"]

1. e4 e5 2. Nf3 Nc6 3. d4 exd4 4. Nxd4 Nf6 5. Nxc6 bxc6 6. Bd3 Bb4+ 7. Bd2 Bxd2+ 8. Qxd2 0-0 9. 0-0 Re8 10. Nc3 d5 11. exd5 cxd5 12. Rad1 c6 13. b3 Be6 14. Rfe1 Qc7 15. h3 Re7 16. Be2 Rae8 17. Bf3 Bf5 18. Rxe7 Rxe7 19. Na4 Be4 20. Bxe4 Nxe4 21. Qd4 h6 22. c4 Rd7 23. f3 Nf6 24. Nc5 Re7 25. Na4 Rd7 26. Rc1 dxc4 27. Qxc4 Rd2 28. Nc3 Qb6+ 29. Kh1 Qf2 30. Rg1 c5 31. Qa6 Qe3 32. Qc8+ Kh7 33. Qf5+ Kg8 34. Na4 Rd5 35. Qc8+ Kh7 36. Qc7 Qe5 37. Qxe5 Rxe5 38. Rc1 Nd7 39. Rd1 Nb6 40. Nxb6 axb6 41. Rd7 f6 42. Rd6 Re2 43. a4 Rb2 44. Rxb6 c4 45. a5 Rxb3 46. Rc6 Ra3 47. Rxc4 Rxa5 48. Kh2 Ra2 49. h4 Rb2 50. Kh3 Rb3 51. Kg4 Rb2 52. g3 Rb5 53. h5 Rg5+ 54. Kh4 Rf5 55. f4 Ra5 56. Kg4 Ra3 57. f5 Rb3 58. Kf4 Rd3 59. g4 Rd1 60. Ke4 Kg8 1/2-1/2

[Event "POL-ch U14"]
[Site "Suwalki"]
[Date "2015.04.10"]
[Round "4"]
[White "Rak, Maciej"]
[Black "Banach, Jakub"]
[Result "0-1"]
[WhiteElo "1476"]
[BlackElo "1392"]
[PlyCount "154"]
[EventDate "2015.04.08"]
[EventType "swiss"]
[EventRounds "9"]
[EventCountry "POL"]
[SourceTitle "EXT 2017"]
[Source "ChessBase"]
[SourceDate "2016.10.25"]
[SourceVersion "1"]
[SourceVersionDate "2016.10.25"]
[SourceQuality "1"]

1. e4 e6 2. d4 d5 3. Nd2 c5 4. exd5 Qxd5 5. Ngf3 cxd4 6. Nb3 Nf6 7. Qxd4 Qxd4 8. Nfxd4 Bd7 9. Be2 Be7 10. 0-0 0-0 11. c3 Nc6 12. Be3 Nd5 13. Nxc6 Bxc6 14. Bd4 Nf4 15. Bf3 Bxf3 16. gxf3 Ne2+ 17. Kg2 Nxd4 18. Nxd4 Rfd8 19. Rfd1 Bf6 20. Nb3 b6 21. Kf1 Kf8 22. Ke2 Be5 23. h3 Ke7 24. Rxd8 Rxd8 25. Rd1 Rc8 26. Nd2 a5 27. Rc1 b5 28. Rc2 Bf4 29. Nb3 a4 30. Nd4 Rc5 31. Kf1 Be5 32. Rd2 Bxd4 33. Rxd4 a3 34. bxa3 Rxc3 35. a4 bxa4 36. Rxa4 Rxf3 37. Kg2 Rf6 38. f4 Kd6 39. Kg3 Rf5 40. Rd4+ Kc5 41. Rd1 Kb4 42. Re1 Ka3 43. Re2 Rb5 44. Kh4 Ra5 45. Rg2 g6 46. Rc2 h5 47. Rc7 Rf5 48. Ra7+ Kb4 49. a4 Rxf4+ 50. Kg5 Rf5+ 51. Kh6 e5 52. a5 Kb5 53. a6 Kb6 54. Ra8 e4 55. Re8 Kxa6 56. Rxe4 Kb6 57. Rd4 Kc6 58. Rd1 Rf3 59. h4 Rf4 60. Kg5 Rg4+ 61. Kf6 Rxh4 62. Kxf7 Rg4 63. Ke6 Kc5 64. Kf6 h4 65. Rd8 g5 66. Ke5 Kc4 67. Kf5 Rg3 68. Rd1 h3 69. Ke4 Kc3 70. Ra1 Kb2 71. Rh1 g4 72. Rh2+ Rg2 73. Rh1 h2 74. Kd3 g3 75. Re1 Rg1 76. Re8 h1Q 77. Rb8+ Ka2 0-1

[Event "POL-ch U14"]
[Site "Suwalki"]
[Date "2015.04.09"]
[Round "2"]
[White "Jarzebowski, Kacper"]
[Black "Banach, Jakub"]
[Result "1-0"]
[WhiteElo "1660"]
[BlackElo "1392"]
[PlyCount "89"]
[EventDate "2015.04.08"]
[EventType "swiss"]
[EventRounds "9"]
[EventCountry "POL"]
[SourceTitle "EXT 2017"]
[Source "ChessBase"]
[SourceDate "2016.10.25"]
[SourceVersion "1"]
[SourceVersionDate "2016.10.25"]
[SourceQuality "1"]

1. e4 e6 2. Nf3 d5 3. Nc3 Nf6 4. e5 Nfd7 5. d4 c5 6. dxc5 Bxc5 7. Bd3 Nc6 8. Qe2 Nd4 9. Nxd4 Bxd4 10. Bf4 Qa5 11. 0-0 Bxc3 12. bxc3 Qxc3 13. Rae1 Qb4 14. Bd2 Qh4 15. g3 Qh3 16. f4 0-0 17. f5 Nc5 18. f6 g6 19. Rf4 Nxd3 20. cxd3 Qh5 21. Qxh5 gxh5 22. Rh4 Bd7 23. Rxh5 Bb5 24. Rg5+ Kh8 25. Re3 Rg8 26. Rh5 Rgc8 27. g4 Rc2 28. Reh3 Bxd3 29. Rxd3 Rg8 30. g5 Rg6 31. Rh6 Rxa2 32. Rh4 Rb2 33. Ra4 a6 34. Kf1 Rb5 35. h4 a5 36. Rxa5 Rxa5 37. Bxa5 h5 38. Rb3 Rg8 39. Rxb7 Ra8 40. Be1 Kg8 41. Bd2 Ra4 42. g6 fxg6 43. f7+ Kg7 44. Bh6+ Kh7 45. f8Q# 1-0